Statistics for Where in the U.K. - Power Stations

Click here to take the quiz!

General Stats

  • This quiz has been taken 7 times
  • The average score is 8 of 16

Answer Stats

QuestionAnswer% Correct
TrawsfynyddWales
100%
DraxEngland
86%
GislaScotland
86%
Seal SandsEngland
71%
DinorwigWales
71%
Fiddlers FerryEngland
57%
River Tawe BarrageWales
57%
Connah's QuayWales
57%
CorkeyNorthern Ireland
43%
TornessScotland
43%
KilrootNorthern Ireland
29%
Lendrum's BridgeNorthern Ireland
29%
SeaGenNorthern Ireland
29%
Crystal Rig 2Scotland
29%
LangageEngland
14%
Steven's CroftScotland
14%

Score Distribution

Percentile by Number Answered

Percent of People with Each Score

Your Score History

You have not taken this quiz